000 00305nam a22001217a 4500
008 160429b xxu||||| |||| 00| 0 eng d
020 _a2901449673580
020 _a1449645557
041 _aeng
080 _a618.2
245 _aLeadership in nursing practice:
_cTim Porter; Kathy Molloch;
942 _2udc
_cBK
999 _c1681
_d1681